<?xml version="1.0" encoding="UTF-8"?>
<record
    xmlns:xsi="http://www.w3.org/2001/XMLSchema-instance"
    xsi:schemaLocation="http://www.loc.gov/MARC21/slim http://www.loc.gov/standards/marcxml/schema/MARC21slim.xsd"
    xmlns="http://www.loc.gov/MARC21/slim">

  <leader>00826nam a22002177a 4500</leader>
  <datafield tag="999" ind1=" " ind2=" ">
    <subfield code="c">11940</subfield>
    <subfield code="d">11940</subfield>
  </datafield>
  <controlfield tag="005">20251125232833.0</controlfield>
  <controlfield tag="008">      s2546    th                  tha d</controlfield>
  <datafield tag="020" ind1=" " ind2=" ">
    <subfield code="a">9749589033</subfield>
  </datafield>
  <datafield tag="040" ind1=" " ind2=" ">
    <subfield code="a">NALT</subfield>
  </datafield>
  <datafield tag="041" ind1=" " ind2=" ">
    <subfield code="a">tha</subfield>
  </datafield>
  <datafield tag="050" ind1=" " ind2=" ">
    <subfield code="a">DS578.32 &#xE17;622&#xE14; 2546</subfield>
  </datafield>
  <datafield tag="100" ind1="0" ind2=" ">
    <subfield code="a">&#xE44;&#xE1E;&#xE42;&#xE23;&#xE08;&#xE19;&#xE4C; &#xE1A;&#xE38;&#xE0D;&#xE1C;&#xE39;&#xE01;</subfield>
  </datafield>
  <datafield tag="245" ind1="1" ind2="0">
    <subfield code="a">&#xE14;&#xE27;&#xE07;&#xE24;&#xE17;&#xE31;&#xE22;&#xE41;&#xE2B;&#xE48;&#xE07;&#xE17;&#xE27;&#xE22;&#xE23;&#xE32;&#xE29;&#xE0E;&#xE23;&#xE4C;</subfield>
  </datafield>
  <datafield tag="260" ind1="3" ind2=" ">
    <subfield code="a">&#xE01;&#xE23;&#xE38;&#xE07;&#xE40;&#xE17;&#xE1E;&#xE2F; : </subfield>
    <subfield code="b">&#xE40;&#xE19;&#xE0A;&#xE31;&#xE48;&#xE19;&#xE21;&#xE31;&#xE25;&#xE15;&#xE34;&#xE21;&#xE35;&#xE40;&#xE14;&#xE35;&#xE22;&#xE01;&#xE23;&#xE38;&#xE4A;&#xE1B;, </subfield>
    <subfield code="c">2546</subfield>
  </datafield>
  <datafield tag="300" ind1=" " ind2=" ">
    <subfield code="a">175 &#xE2B;&#xE19;&#xE49;&#xE32; ;</subfield>
    <subfield code="b"> 26 &#xE0B;&#xE21;.</subfield>
  </datafield>
  <datafield tag="650" ind1="0" ind2="4">
    <subfield code="a">&#xE40;&#xE17;&#xE1E;&#xE23;&#xE31;&#xE15;&#xE19;&#xE23;&#xE32;&#xE0A;&#xE2A;&#xE38;&#xE14;&#xE32;&#xE2F; &#xE2A;&#xE22;&#xE32;&#xE21;&#xE1A;&#xE23;&#xE21;&#xE23;&#xE32;&#xE0A;&#xE01;&#xE38;&#xE21;&#xE32;&#xE23;&#xE35;, &#xE2A;&#xE21;&#xE40;&#xE14;&#xE47;&#xE08;&#xE1E;&#xE23;&#xE30;, 2498--</subfield>
  </datafield>
  <datafield tag="850" ind1=" " ind2=" ">
    <subfield code="a">NALT</subfield>
  </datafield>
  <datafield tag="856" ind1="4" ind2="0">
    <subfield code="u">https://hdl.handle.net/20.500.14156/417847</subfield>
    <subfield code="7">1</subfield>
  </datafield>
  <datafield tag="942" ind1=" " ind2=" ">
    <subfield code="c">GB</subfield>
    <subfield code="2">lcc</subfield>
  </datafield>
  <datafield tag="952" ind1=" " ind2=" ">
    <subfield code="0">0</subfield>
    <subfield code="1">0</subfield>
    <subfield code="4">0</subfield>
    <subfield code="7">0</subfield>
    <subfield code="8">CGBL</subfield>
    <subfield code="a">NALT</subfield>
    <subfield code="b">NALT</subfield>
    <subfield code="g">400.00</subfield>
    <subfield code="l">0</subfield>
    <subfield code="o">DS 578.32 &#xE17;622&#xE14; 2546</subfield>
    <subfield code="p">3961147958</subfield>
    <subfield code="r">2017-06-09 00:00:00</subfield>
    <subfield code="v">450.00</subfield>
    <subfield code="w">2017-06-09</subfield>
    <subfield code="y">GB</subfield>
  </datafield>
</record>
